Big 12 Quarterbacks to Team 2024 - Statistics

General Stats
  • This quiz has been taken 16 times
  • The average score is 10 of 16
Answer Stats
Hint Answer % Correct
Shedeur Sanders Colorado
100%
Sam Leavitt Arizona State
83%
Jalon Daniels Kansas
83%
Noah Fifita Arizona
75%
Avery Johnson Kansas State
75%
Jake Retzlaff BYU
67%
Rocco Becht Iowa State
67%
Sawyer Robinson Baylor
58%
Brendan Sorsby Cincinnati
58%
Alan Bowman Oklahoma State
58%
KJ Jefferson UCF
58%
Garrett Greene West Virginia
50%
Donovan Smith Houston
42%
Behren Morton Texas Tech
42%
Isaac Wilson Utah
42%
Josh Hoover TCU
33%
No matching quizzes found
Score Distribution
Percent of People with Each Score
Percentile by Number Answered
Your Score History
You have not taken this quiz